|
|
|
|
| LEADER |
01109nam a2200289 u 4500 |
| 001 |
10030698 |
| 003 |
upatras |
| 005 |
20210117210046.0 |
| 008 |
991025s1996 uk eng |
| 020 |
|
|
|a 0471950599
|
| 040 |
|
|
|a GR-PaULI
|c GR-PaULI
|
| 041 |
0 |
|
|a eng
|
| 082 |
0 |
4 |
|a 629.8
|
| 245 |
1 |
0 |
|a Fuzzy logic
|b implementation and applications
|c edited by M. J. Patyra, D. M. Mlynek
|
| 260 |
|
|
|a Chichester
|b Wiley
|c 1996
|
| 300 |
|
|
|a xviii, 317 p.
|b phot.
|c 25 cm.
|
| 504 |
|
|
|a Includes index
|
| 650 |
|
4 |
|a Αυτόματος έλεγχος
|9 384
|
| 650 |
|
4 |
|a Ασαφής λογική
|9 49
|
| 650 |
|
4 |
|a Ηλεκτρονικοί υπολογιστές
|x Αυτόματος έλεγχος
|9 2633
|
| 700 |
1 |
|
|a Patyra, M. J.
|4 edt
|9 154106
|
| 700 |
1 |
|
|a Mlynek, D. M.
|4 edt
|9 154107
|
| 852 |
|
|
|a GR-PaULI
|b ΠΑΤΡΑ
|b ΒΚΠ
|b ΒΣ1
|k ΑΣΧΞ
|h 629.8 P
|m 052374
|p 025000067767
|t 1
|
| 942 |
|
|
|2 ddc
|c BK15
|
| 952 |
|
|
|0 0
|1 0
|4 0
|6 629_800000000000000_P
|7 0
|9 199989
|a LISP
|b LISP
|c BSC
|d 2016-04-24
|i 052374
|l 0
|o 629.8 P
|p 025000067767
|r 2016-04-24 00:00:00
|t 1
|w 2016-04-24
|y BK15
|
| 998 |
|
|
|c ΣΥΨΑ
|d 1999-10
|
| 999 |
|
|
|c 122594
|d 122594
|